000 00537nam a22002177a 4500
999 _c6813
_d6813
001 6813
003 BD-JhCC
005 20180207100512.0
008 180130b xxu||||| |||| 00| 0 eng d
035 _a(BD-JhCC)6813
040 _aBD-JhCC
_dBD-JhCC
041 _aeng
082 _a823.914
_bSUT 1962
100 _aSutcliff, Rosemary
245 _aThe Shield Ring /
_cRosemary Sutcliff
260 _aLondon :
_bOxford Univesity Press,
_c1962.
300 _a215 p. :
_c21 cm.
650 _aStories
942 _2ddc
_cBK